Analýza štruktúry mestskej zelene a jej zmien v centre Bratislavy

Detailnejšie mapovanie priestorovej distribúcie a štruktúry mestskej zelene v centre Bratislavy a analýza časových zmien mestskej zelene v rokoch 2003-2013. Adaptovanie klasifikačného systému mestskej zelene na mapovanie vo väčších mierkach s využitím ortofotomáp s veľmi vysokým rozlíšením.

Salvato in:
Dettagli Bibliografici
Autore principale: Stanková, Hana
Altri autori: Matula, Dávid
Natura: Capitolo di libro
Lingua:slovacco
Soggetti:
Tags: Aggiungi Tag
Nessun Tag, puoi essere il primo ad aggiungerne!!

MARC

LEADER 00000naa a2200000 4500
001 0235539
005 20220805075642.0
041 0 |a slo 
044 |a SK 
245 1 0 |a Analýza štruktúry mestskej zelene a jej zmien v centre Bratislavy  |c Hana Stanková, Dávid Matula 
520 |a Detailnejšie mapovanie priestorovej distribúcie a štruktúry mestskej zelene v centre Bratislavy a analýza časových zmien mestskej zelene v rokoch 2003-2013. Adaptovanie klasifikačného systému mestskej zelene na mapovanie vo väčších mierkach s využitím ortofotomáp s veľmi vysokým rozlíšením. 
610 2 0 |a mestá 
610 2 0 |a infraštruktúra zelená 
610 2 0 |a Slovensko 
100 1 |a Stanková, Hana 
700 1 |a Matula, Dávid